000
00319 a2200121 4500
001
146621
040
_c
Escola São Tomás de Aquino
100
_a
DUPRÉ, Maria José
240
1
0
_a
O cachorrinho Samba na fazenda
_l
por
245
1
0
_a
O cachorrinho Samba na fazenda
697
_a
*LITERATURA INFANTO JUVENIL
942
_c
BK
999
_c
146621
_d
146621